Beautiful Users: Designing For People (Record no. 369470)

MARC details
000 -LEADER
fixed length control field 00389 a2200145 4500
005 - DATE AND TIME OF LATEST TRANSACTION
control field 20260310171300.0
008 - FIXED-LENGTH DATA ELEMENTS--GENERAL INFORMATION
fixed length control field 251223b |||||||| |||| 00| 0 eng d
020 ## - INTERNATIONAL STANDARD BOOK NUMBER
International Standard Book Number 9781616892913
082 ## - DEWEY DECIMAL CLASSIFICATION NUMBER
Classification number 720.22/LUP
100 ## - MAIN ENTRY--PERSONAL NAME
Author Lupton E
245 ## - TITLE STATEMENT
Title Beautiful Users: Designing For People
260 ## - PUBLICATION, DISTRIBUTION, ETC.
Name of publisher, distributor, etc. Princeton Architectural Press
Date of publication, distribution, etc. 2014
Place of publication, distribution, etc. New York
300 ## - PHYSICAL DESCRIPTION
Extent 139p
Other physical details PB
942 ## - ADDED ENTRY ELEMENTS (KOHA)
Koha item type DS Books
Holdings
Withdrawn status Lost status Source of classification or shelving scheme Damaged status Not for loan Home library Current library Date acquired Vendor Net Price Total Checkouts Full call number Barcode Date last seen Actual Price Bill Date Koha item type
    Dewey Decimal Classification     Dr. Bhanuben Nanavati College of Architecture Dr. Bhanuben Nanavati College of Architecture 23/12/2025 213 1262.52   720.22/LUP BNCA-DS-155 23/12/2025 2004.00 12/12/2025 DS Books